[Event "9. Lichtenberger Sommer"]
[Site "Berlin"]
[Date "2010.08.07"]
[Round "1.80"]
[White "Kirchhof, Arno"]
[Black "Berg, Gerd"]
[Result "1-0"]
[WhiteElo "1921"]
[BlackElo "1393"]
[PlyCount "87"]
[EventDate "2010.??.??"]
[WhiteTeam "SC Garching 1980 e.V."]
[BlackTeam "SK König Tegel 1949 e.V."]

1. d4 Nf6 2. c4 e6 3. Nc3 Bb4 4. e3 Nc6 5. Bd3 O-O 6. Bd2 d5 7. Nf3 dxc4 8.
Bxc4 Bxc3 9. Bxc3 Ne4 10. O-O a6 11. Qc2 Nxc3 12. Qxc3 Qd6 13. a3 Ne7 14. Rac1
b5 15. Ba2 Ra7 16. Qc5 Qxc5 17. Rxc5 Rd8 18. Rfc1 c6 19. Ne5 Bb7 20. g4 Raa8
21. f4 Nd5 22. Bxd5 exd5 23. Nxc6 Re8 24. Kf2 Bxc6 25. Rxc6 Kf8 26. R1c5 Re6
27. Rxe6 fxe6 28. Rc7 Re8 29. Kf3 Re7 30. Rxe7 Kxe7 31. e4 g6 32. b4 dxe4+ 33.
Kxe4 Kd6 34. g5 Ke7 35. Ke5 Kd7 36. Kf6 Kd6 37. Kg7 Kd5 38. Kxh7 Kxd4 39. Kxg6
Kc4 40. Kf6 Kb3 41. g6 Ka4 42. g7 Kb3 43. g8=Q Ka4 44. Qxe6 1-0

[Event "9. Lichtenberger Sommer"]
[Site "Berlin"]
[Date "2010.08.07"]
[Round "1.82"]
[White "Karpa, Adrian"]
[Black "Stiewe, Frank"]
[Result "1-0"]
[WhiteElo "1918"]
[BlackElo "1379"]
[PlyCount "41"]
[EventDate "2010.??.??"]
[WhiteTeam "SK Landau"]
[BlackTeam "vereinslos"]

1. e4 e5 2. f4 exf4 3. Nf3 g6 4. Bc4 d6 5. d4 Bh6 6. O-O Be6 7. Bxe6 fxe6 8.
Qd3 Qd7 9. Nc3 a6 10. Ne2 Qf7 11. Qb3 b5 12. a4 bxa4 13. Qb7 Ne7 14. Qxa8 O-O
15. h4 Nec6 16. Bd2 d5 17. exd5 exd5 18. Ne5 Qe6 19. Bxf4 Bg7 20. Bh2 Bf6 21.
Qb7 1-0

[Event "9. Lichtenberger Sommer"]
[Site "Berlin"]
[Date "2010.08.07"]
[Round "1.83"]
[White "Kornijenko, Alexander"]
[Black "Schmidt, Jürgen"]
[Result "0-1"]
[WhiteElo "1366"]
[BlackElo "1915"]
[PlyCount "60"]
[EventDate "2010.??.??"]
[WhiteTeam "vereinslos"]
[BlackTeam "SC Kreuzberg e.V."]

1. e4 e5 2. Nf3 Nc6 3. Bc4 Bc5 4. c3 Nf6 5. d3 d6 6. Bg5 O-O 7. O-O a6 8. d4
exd4 9. cxd4 Bb6 10. h3 h6 11. Bh4 g5 12. Qd2 Nxe4 13. Qe3 d5 14. Bd3 Re8 15.
Bxe4 Rxe4 16. Qd2 gxh4 17. Qxh6 Qd6 18. Qg5+ Qg6 19. Qxd5 Bxh3 20. Ng5 Rg4 21.
Nxh3 Rd8 22. Qf3 Nxd4 23. Qxb7 Nc2 24. Nc3 Nxa1 25. Rxa1 Rd2 26. Rb1 Bd4 27.
Re1 Kg7 28. Nd1 c6 29. Qxa6 Rxg2+ 30. Kf1 Rh2 0-1

[Event "9. Lichtenberger Sommer"]
[Site "Berlin"]
[Date "2010.08.07"]
[Round "1.84"]
[White "Mai, Andreas"]
[Black "Wierzbicki, Jirawat"]
[Result "1-0"]
[WhiteElo "1908"]
[BlackElo "1354"]
[PlyCount "55"]
[EventDate "2010.??.??"]
[WhiteTeam "SC Friesen Lichtenberg e.V."]
[BlackTeam "SG Grün-Weiß Baumschulenweg e.V."]

1. e4 c5 2. Nf3 d6 3. d4 cxd4 4. Nxd4 Nf6 5. Nc3 a6 6. Bg5 e6 7. Be2 Be7 8. O-O
O-O 9. Kh1 Nbd7 10. f4 Nc5 11. Bf3 Qc7 12. Qe1 h6 13. Bh4 Kh8 14. g4 Nh7 15.
Rg1 Qd8 16. Bxe7 Qxe7 17. g5 hxg5 18. fxg5 Kg8 19. Qg3 Qe8 20. Qxd6 Nd7 21.
Raf1 Rb8 22. Bh5 g6 23. Bf3 e5 24. Nde2 b5 25. Nd5 Qd8 26. Bg4 Re8 27. h4 Ra8
28. Nc7 1-0

[Event "9. Lichtenberger Sommer"]
[Site "Berlin"]
[Date "2010.08.07"]
[Round "1.85"]
[White "Paris, Gerhard"]
[Black "Barwich, Andreas"]
[Result "0-1"]
[WhiteElo "1351"]
[BlackElo "1905"]
[PlyCount "76"]
[EventDate "2010.??.??"]
[WhiteTeam "TSG Oberschöneweide e.V."]
[BlackTeam "SV Berolina Mitte e.V."]

1. e4 c5 2. Nc3 Nc6 3. g3 e6 4. Bg2 d6 5. d3 Nf6 6. Be3 Be7 7. Qd2 Ng4 8. Nge2
O-O 9. Nd1 Nxe3 10. Nxe3 Bf6 11. c3 Rb8 12. Ng4 b5 13. O-O Bb7 14. Nxf6+ Qxf6
15. Qf4 Qxf4 16. Nxf4 b4 17. Rfc1 bxc3 18. bxc3 Ba6 19. Bf1 Rb2 20. Kg2 Rfb8
21. Re1 Rc2 22. Rec1 Rbb2 23. Rxc2 Rxc2 24. d4 Bxf1+ 25. Kxf1 Rxc3 26. dxc5
dxc5 27. Rd1 g6 28. Rd6 Nb4 29. Rd8+ Kg7 30. Rd7 e5 31. Ne6+ Kf6 32. Nd8 Rc1+
33. Kg2 g5 34. Rxf7+ Kg6 35. Rxh7 Rc2 36. a4 Nd3 37. Rf7 Ra2 38. Rf3 Ne1+ 0-1

[Event "9. Lichtenberger Sommer"]
[Site "Berlin"]
[Date "2010.08.07"]
[Round "1.86"]
[White "Schilke, Michael"]
[Black "Schmitt, Jens-Ole"]
[Result "1-0"]
[WhiteElo "1901"]
[BlackElo "1339"]
[PlyCount "55"]
[EventDate "2010.??.??"]
[WhiteTeam "SV Berolina Mitte e.V."]
[BlackTeam "vereinslos"]

1. d4 Nf6 2. Nf3 e6 3. g3 b6 4. Bg2 Bb7 5. O-O d6 6. c4 Nbd7 7. Nc3 Be7 8. Re1
c5 9. d5 exd5 10. cxd5 O-O 11. h3 a6 12. a4 Re8 13. e4 Qc7 14. Be3 Bf8 15. Qc2
g6 16. g4 Bg7 17. Rad1 Re7 18. Nd2 Rf8 19. Nc4 Ne5 20. Nxe5 Rxe5 21. Bf4 Re7
22. e5 Ne8 23. exd6 Nxd6 24. Ne4 Be5 25. Bxe5 Rxe5 26. Nf6+ Kg7 27. Rxe5 Kxf6
28. Qc3 1-0

[Event "9. Lichtenberger Sommer"]
[Site "Berlin"]
[Date "2010.08.07"]
[Round "1.87"]
[White "Laurin, Dirk"]
[Black "Strobel, Norbert"]
[Result "0-1"]
[WhiteElo "1339"]
[BlackElo "1897"]
[PlyCount "120"]
[EventDate "2010.??.??"]
[WhiteTeam "SG Narva Berlin e.V."]
[BlackTeam "SK Zirndorf e.V."]

1. e4 c6 2. Nf3 d5 3. exd5 cxd5 4. d4 Nc6 5. Be3 Bg4 6. Be2 e6 7. Nbd2 Bd6 8.
a3 a6 9. O-O Nge7 10. Ng5 Bxe2 11. Qxe2 Nf5 12. Ndf3 h6 13. Nh3 Qc7 14. c4 dxc4
15. Qxc4 Ncxd4 16. Qxc7 Nxf3+ 17. gxf3 Bxc7 18. Rac1 Be5 19. Rc2 O-O 20. Kh1
Rad8 21. f4 Bf6 22. Bb6 Rd3 23. Ng1 Rb3 24. Be3 Nxe3 25. fxe3 Rxe3 26. Nf3 Rd8
27. Rcf2 Rd5 28. Ne5 Bxe5 29. fxe5 Rd7 30. Rg1 Rxe5 31. Rf3 Red5 32. Rh3 Rd1
33. b4 Rxg1+ 34. Kxg1 Rd2 35. Rc3 Ra2 36. Rc8+ Kh7 37. Rc7 Kg6 38. Rxb7 Rxa3
39. b5 axb5 40. Rxb5 Ra2 41. h4 f5 42. Rb6 Kf6 43. Rc6 Ra4 44. Kg2 Rxh4 45. Kg3
Re4 46. Kf3 h5 47. Rc8 h4 48. Rf8+ Ke7 49. Rh8 g5 50. Rh5 g4+ 51. Kf2 h3 52.
Rh6 Kd6 53. Rh8 Ke5 54. Rh5 Kf4 55. Kf1 Ra4 56. Ke2 Ra2+ 57. Kf1 Kg3 58. Rh6 h2
59. Rh7 h1=Q+ 60. Rxh1 Ra1+ 0-1

[Event "9. Lichtenberger Sommer"]
[Site "Berlin"]
[Date "2010.08.07"]
[Round "1.88"]
[White "Ewald, Patrick"]
[Black "Jiranek, Benno"]
[Result "1-0"]
[WhiteElo "1890"]
[BlackElo "1325"]
[PlyCount "63"]
[EventDate "2010.??.??"]
[WhiteTeam "vereinslos"]
[BlackTeam "SC Kreuzberg e.V."]

1. e4 c5 2. Bc4 e6 3. Nc3 Nc6 4. d3 Na5 5. Bf4 a6 6. Nf3 d6 7. O-O g6 8. a3
Nxc4 9. dxc4 Nh6 10. Qd2 Ng4 11. h3 e5 12. Bg5 f6 13. Bh4 Nh6 14. Nd5 g5 15.
Nxg5 Ng8 16. Nf3 Bg7 17. Rad1 Nh6 18. Bxf6 Bxf6 19. Qxh6 Be7 20. Nxe7 Qxe7 21.
Qxd6 Qxd6 22. Rxd6 Ke7 23. Rd5 Bxh3 24. gxh3 Rhg8+ 25. Kh2 Rg7 26. Rxe5+ Kf6
27. Rf5+ Ke7 28. Rxc5 Ke6 29. Rg1 Rd7 30. Re5+ Kf6 31. Rf5+ Ke6 32. Ng5+ 1-0

[Event "9. Lichtenberger Sommer"]
[Site "Berlin"]
[Date "2010.08.07"]
[Round "1.89"]
[White "Pillath, Marcus"]
[Black "Krebs, Alexander"]
[Result "0-1"]
[WhiteElo "1317"]
[BlackElo "1884"]
[PlyCount "100"]
[EventDate "2010.??.??"]
[WhiteTeam "SGem Vaihingen-Rohr"]
[BlackTeam "Ueberstorf"]

1. d4 d5 2. Nf3 Nf6 3. Bf4 e6 4. e3 Be7 5. Nbd2 O-O 6. c3 c5 7. Be2 Nc6 8. dxc5
Bxc5 9. O-O b6 10. h3 Bb7 11. Nd4 Qd7 12. Bb5 a6 13. Bxc6 Bxc6 14. Nxc6 Qxc6
15. a3 Rac8 16. Rc1 b5 17. Nf3 Bd6 18. Bxd6 Qxd6 19. Nd2 Rfd8 20. Qf3 a5 21.
Rfe1 b4 22. cxb4 axb4 23. e4 Rxc1 24. Rxc1 bxa3 25. Qxa3 Qxa3 26. bxa3 Nxe4 27.
Nxe4 dxe4 28. Rc4 f5 29. a4 Ra8 30. g4 h6 31. Kg2 Kf7 32. Kg3 Kf6 33. gxf5 exf5
34. h4 Ra5 35. Rc6+ Ke5 36. Rc7 g5 37. hxg5 hxg5 38. Rc4 Kd5 39. Rb4 Kc5 40.
Rb8 Rxa4 41. Rf8 Ra3+ 42. Kg2 Rf3 43. Rg8 g4 44. Re8 Kd4 45. Rd8+ Ke5 46. Re8+
Kf4 47. Ra8 g3 48. fxg3+ Rxg3+ 49. Kf2 Rb3 50. Ra4 Rb2+ 0-1

[Event "9. Lichtenberger Sommer"]
[Site "Berlin"]
[Date "2010.08.07"]
[Round "1.90"]
[White "Kornath, Heinrich"]
[Black "Enis, Arpaci"]
[Result "1-0"]
[WhiteElo "1881"]
[BlackElo "1400"]
[PlyCount "87"]
[EventDate "2010.??.??"]
[WhiteTeam "SC Friesen Lichtenberg e.V."]

1. e4 g6 2. d4 d6 3. Be3 Bg7 4. Nc3 Nc6 5. f4 Nf6 6. Be2 O-O 7. d5 Nb8 8. Nf3
c6 9. O-O cxd5 10. exd5 Nbd7 11. a4 Nc5 12. Nd2 Bf5 13. a5 Nce4 14. Ndxe4 Nxe4
15. Nxe4 Bxe4 16. c3 Qd7 17. Ra4 Qf5 18. Rb4 Qxd5 19. Rxe4 Qxe4 20. Qd2 a6 21.
Ra1 Rac8 22. Bf3 Qe6 23. Bb6 d5 24. Bxd5 Qd6 25. Rd1 Rb8 26. Qe3 e6 27. Bf3 Qe7
28. Rd3 Rfc8 29. Qd2 Bf8 30. Rd7 Qe8 31. b4 Be7 32. Bxb7 Bd8 33. Bxc8 Bxb6+ 34.
axb6 Qxc8 35. b7 Qf8 36. c4 Kg7 37. c5 a5 38. Qd4+ Kh6 39. bxa5 Qe8 40. a6 Rxb7
41. axb7 Qb8 42. Rxf7 Qa7 43. g4 e5 44. Qxe5 1-0

[Event "9. Lichtenberger Sommer"]
[Site "Berlin"]
[Date "2010.08.07"]
[Round "1.91"]
[White "Kammler, Hans-Joachim"]
[Black "Lerch, Philipp"]
[Result "0-1"]
[WhiteElo "1292"]
[BlackElo "1880"]
[PlyCount "40"]
[EventDate "2010.??.??"]
[WhiteTeam "SG Eckturm"]
[BlackTeam "SK König Tegel 1949 e.V."]

1. e4 c5 2. c3 Nf6 3. e5 Nd5 4. Bc4 Nb6 5. Bb5 a6 6. Be2 Nc6 7. d4 cxd4 8. cxd4
d6 9. f4 dxe5 10. dxe5 Qxd1+ 11. Bxd1 g6 12. Nf3 Bg7 13. Nc3 O-O 14. O-O Bf5
15. a3 Kh8 16. b3 f6 17. Bb2 fxe5 18. Ne2 exf4 19. Bxg7+ Kxg7 20. Nxf4 e5 0-1

[Event "9. Lichtenberger Sommer"]
[Site "Berlin"]
[Date "2010.08.07"]
[Round "1.92"]
[White "Merz, Rüdiger"]
[Black "Kaufmann, Mathias"]
[Result "1-0"]
[WhiteElo "1877"]
[BlackElo "1289"]
[PlyCount "76"]
[EventDate "2010.??.??"]
[WhiteTeam "SK Zehlendorf e.V."]
[BlackTeam "vereinslos"]

1. e4 c5 2. Nf3 d6 3. d4 cxd4 4. Nxd4 Nc6 5. c4 Nf6 6. Nc3 Nxd4 7. Qxd4 g6 8.
f3 Bg7 9. Be3 O-O 10. Qd2 Bd7 11. Be2 a6 12. O-O Rc8 13. Rfd1 Be6 14. b3 Qa5
15. Rab1 Nd7 16. Nd5 Qd8 17. Nf4 Bh6 18. Bd4 Bxc4 19. bxc4 e5 20. Bxe5 Nxe5 21.
Rxb7 Nxc4 22. Bxc4 Rxc4 23. g3 Qc8 24. Rb3 Rc2 25. Qxd6 Bxf4 26. Qxf4 Qh3 27.
Rd2 Rc1+ 28. Kf2 Qf1+ 29. Ke3 Qe1+ 30. Re2 Qg1+ 31. Rf2 Re1+ 32. Kd4 Qxf2+ 33.
Ke5 Qc5+ 34. Kf6 Qc6+ 35. Kg5 f6+ 36. Kh6 Rh1 37. h4 g5 38. Qf5 Qc2 1-0

[Event "9. Lichtenberger Sommer"]
[Site "Berlin"]
[Date "2010.08.07"]
[Round "1.93"]
[White "Petersen, Moritz"]
[Black "Galkin, Wladislaw"]
[Result "0-1"]
[WhiteElo "1287"]
[BlackElo "1869"]
[PlyCount "40"]
[EventDate "2010.??.??"]
[WhiteTeam "KSC Strausberg Abt. Schach"]
[BlackTeam "SC Ladja Roßdorf"]

1. d4 d5 2. e3 Nf6 3. Bd3 c5 4. c3 e6 5. Nf3 Nbd7 6. Nbd2 Bd6 7. O-O O-O 8. Re1
Qc7 9. Bc2 e5 10. dxe5 Nxe5 11. Nxe5 Bxe5 12. h3 b6 13. e4 Bb7 14. Qe2 Rfe8 15.
Qf3 Rad8 16. Kh1 Bf4 17. e5 Bxe5 18. Nb3 c4 19. Nd4 Bxd4 20. cxd4 Rxe1# 0-1

[Event "9. Lichtenberger Sommer"]
[Site "Berlin"]
[Date "2010.08.07"]
[Round "1.94"]
[White "Grillich, Alexander"]
[Black "Schacht, Thomas"]
[Result "1-0"]
[WhiteElo "1858"]
[BlackElo "1277"]
[PlyCount "20"]
[EventDate "2010.??.??"]
[WhiteTeam "SC Rochade e.V."]
[BlackTeam "BSV 63 Chemie Weißensee"]

1. e4 e5 2. Nf3 Nc6 3. d4 exd4 4. Nxd4 Bc5 5. Nb3 Bb6 6. Nc3 Qf6 7. Qe2 d6 8.
Nd5 Qe6 9. a4 Nd4 10. Nxd4 Bxd4 1-0

[Event "9. Lichtenberger Sommer"]
[Site "Berlin"]
[Date "2010.08.07"]
[Round "1.95"]
[White "Scheck, Gero"]
[Black "Neumaier, Hubert"]
[Result "0-1"]
[WhiteElo "1267"]
[BlackElo "1858"]
[PlyCount "86"]
[EventDate "2010.??.??"]
[WhiteTeam "TSG Oberschöneweide e.V."]
[BlackTeam "vereinslos"]

1. e4 d5 2. exd5 Qxd5 3. Nc3 Qd6 4. d4 Nf6 5. Nf3 a6 6. Bc4 e6 7. d5 b5 8. Bb3
c5 9. dxc6 Qxd1+ 10. Nxd1 Nxc6 11. O-O Bb7 12. Be3 Bd6 13. Nc3 O-O 14. Rad1 Bc7
15. a4 b4 16. Na2 a5 17. c3 Ba6 18. Rfe1 bxc3 19. Nxc3 Rab8 20. Nd2 Rfd8 21.
Rc1 Nb4 22. Bc2 Bb6 23. Bxb6 Rxd2 24. Be3 Rxc2 25. Rxc2 Nxc2 26. Ba7 Rxb2 27.
Rc1 h6 28. Nd1 Ra2 29. Nc3 Ra3 30. Nb5 Rxa4 31. Nc3 Ra3 32. Ne2 Bxe2 33. Bc5
Ra1 34. Rxa1 Nxa1 35. f3 Nc2 36. Kf2 Bc4 37. Kg3 a4 38. Kf4 Nd5+ 39. Ke4 Ndb4
40. Bxb4 Nxb4 41. Kd4 a3 42. Kc3 a2 43. Kb2 Nc2 0-1

[Event "9. Lichtenberger Sommer"]
[Site "Berlin"]
[Date "2010.08.07"]
[Round "1.96"]
[White "Walter, Günter"]
[Black "Trotzke, Johannes"]
[Result "1-0"]
[WhiteElo "1848"]
[BlackElo "1234"]
[PlyCount "35"]
[EventDate "2010.??.??"]
[WhiteTeam "TSG Oberschöneweide e.V."]
[BlackTeam "KSC Strausberg Abt. Schach"]

1. e4 e6 2. d4 d5 3. Nc3 dxe4 4. Nxe4 Nd7 5. Nf3 Ngf6 6. Bd3 Be7 7. Qe2 b6 8.
O-O Bb7 9. Rd1 O-O 10. Ne5 Qc8 11. Bg5 Nxe4 12. Bxe7 Re8 13. Bh4 Nd6 14. Qh5 g6
15. Qh6 Rf8 16. Be7 Re8 17. Nxd7 Qxd7 18. Bf6 1-0

[Event "9. Lichtenberger Sommer"]
[Site "Berlin"]
[Date "2010.08.07"]
[Round "1.97"]
[White "Heyne, Klaus"]
[Black "Bandlow, Matthias"]
[Result "0-1"]
[WhiteElo "1170"]
[BlackElo "1835"]
[PlyCount "48"]
[EventDate "2010.??.??"]
[WhiteTeam "SV Berolina Mitte e.V."]
[BlackTeam "SC Borussia Friedrichsfelde 1920"]

1. d4 d5 2. Nf3 e6 3. Bd2 Nf6 4. e3 Bd6 5. Be2 O-O 6. O-O b6 7. c4 Bb7 8. cxd5
exd5 9. Nc3 c5 10. dxc5 bxc5 11. Nb5 Be7 12. Nc3 Nc6 13. a3 Rb8 14. Bb5 Ne4 15.
Bxc6 Bxc6 16. Rb1 Qc7 17. Ne2 Bb5 18. Re1 Bd3 19. Rc1 Rxb2 20. Bc3 Bxe2 21.
Rxe2 Rxe2 22. Qxe2 Nxc3 23. Rxc3 Qa5 24. Ne5 Qxc3 0-1

[Event "9. Lichtenberger Sommer"]
[Site "Berlin"]
[Date "2010.08.07"]
[Round "1.98"]
[White "Penner, Markus"]
[Black "Opitz, Stefanie"]
[Result "1-0"]
[WhiteElo "1835"]
[BlackElo "1156"]
[PlyCount "59"]
[EventDate "2010.??.??"]
[WhiteTeam "SK Zehlendorf e.V."]
[BlackTeam "TSG Oberschöneweide e.V."]

1. e4 e5 2. Nf3 Nc6 3. Bc4 Bc5 4. c3 d6 5. d4 Bb6 6. dxe5 Bg4 7. exd6 cxd6 8.
Bf4 Bc7 9. O-O Nf6 10. Nbd2 O-O 11. Qc2 Re8 12. Rfe1 Nh5 13. Bg5 Qd7 14. Nd4
Nxd4 15. cxd4 Bb6 16. Qd3 Qc7 17. Rac1 h6 18. Bb5 Qb8 19. Bxe8 Qxe8 20. Be3 Qe6
21. f3 Bh3 22. gxh3 Qxh3 23. Qf1 Qe6 24. Nc4 Bc7 25. d5 Qf6 26. Qh3 Qg6+ 27.
Kh1 b5 28. Rg1 Nf4 29. Bxf4 Qf6 30. Bxh6 1-0

[Event "9. Lichtenberger Sommer"]
[Site "Berlin"]
[Date "2010.08.07"]
[Round "1.99"]
[White "Stark, Steven"]
[Black "Jachym, Adam"]
[Result "0-1"]
[WhiteElo "1153"]
[BlackElo "1835"]
[PlyCount "124"]
[EventDate "2010.??.??"]
[WhiteTeam "VfB Hermsdorf e.V."]

1. e4 e5 2. Nf3 Nf6 3. Nc3 Nc6 4. Bb5 Bb4 5. O-O O-O 6. a3 Bc5 7. Bxc6 dxc6 8.
d3 Re8 9. Bg5 Bg4 10. h3 Bh5 11. g4 Bg6 12. Rb1 a6 13. b4 Ba7 14. Qe2 Qd6 15.
Nh4 h6 16. Be3 Bxe3 17. Qxe3 Nh7 18. Nxg6 Qxg6 19. f4 h5 20. g5 exf4 21. Qxf4
Qxg5+ 22. Kh2 Qxf4+ 23. Rxf4 Nf8 24. Rf5 g6 25. Rg1 Ne6 26. Rxh5 Nd4 27. Rg2
Nxc2 28. e5 Ne1 29. Rg3 Nxd3 30. Rf5 Rxe5 31. Rf1 Nb2 32. h4 Rd8 33. Rg2 Nc4
34. Ra2 Rd3 35. Nb1 Re4 36. Rff2 Rxh4+ 37. Kg2 Ne3+ 38. Kg3 Nf5+ 39. Kg2 Rg3+
40. Kf1 Rh1+ 41. Ke2 Nd4+ 42. Kd2 Rxb1 43. Rh2 Nf3+ 44. Kc2 Nxh2 45. Kxb1 Rg1+
46. Kb2 Rg2+ 47. Kb3 Rxa2 48. Kxa2 g5 49. Kb3 g4 50. Kc4 g3 51. a4 g2 52. b5
cxb5+ 53. axb5 g1=Q 54. bxa6 bxa6 55. Kd5 a5 56. Kc4 a4 57. Kb4 Qb6+ 58. Kc3 a3
59. Kd3 a2 60. Ke4 a1=Q 61. Kf4 Qad4+ 62. Kg5 Qg6# 0-1

[Event "9. Lichtenberger Sommer"]
[Site "Berlin"]
[Date "2010.08.07"]
[Round "1.100"]
[White "Vollbrecht, Lars"]
[Black "Meinicke, Kurt"]
[Result "1-0"]
[WhiteElo "1830"]
[BlackElo "1120"]
[PlyCount "47"]
[EventDate "2010.??.??"]
[WhiteTeam "SF Siemensstadt"]
[BlackTeam "vereinslos"]

1. e4 e5 2. Bc4 Nc6 3. Nf3 Bc5 4. Nc3 Nf6 5. d3 O-O 6. Bg5 Bb4 7. O-O Bxc3 8.
bxc3 h6 9. Bh4 d6 10. h3 b6 11. Qe2 g5 12. Nxg5 hxg5 13. Bxg5 Kg7 14. f4 Bxh3
15. gxh3 Rg8 16. fxe5 Kf8 17. h4 dxe5 18. Kh1 Rg6 19. Rf5 Qd6 20. Raf1 Ke7 21.
Rxf6 Rxf6 22. Rxf6 Qxf6 23. Bxf6+ Kxf6 24. Qf3+ 1-0

[Event "9. Lichtenberger Sommer"]
[Site "Berlin"]
[Date "2010.08.07"]
[Round "1.101"]
[White "Blasig, Thomas"]
[Black "Brauer, Thilo"]
[Result "0-1"]
[WhiteElo "1109"]
[BlackElo "1830"]
[PlyCount "52"]
[EventDate "2010.??.??"]
[WhiteTeam "SC Kreuzberg e.V."]
[BlackTeam "SC Friesen Lichtenberg e.V."]

1. e4 d6 2. d4 Nf6 3. Nc3 e5 4. dxe5 dxe5 5. Qxd8+ Kxd8 6. Bg5 c6 7. O-O-O+
Nbd7 8. Bc4 Ke8 9. Nf3 Bc5 10. Rd2 h6 11. Bh4 Bb4 12. Rhd1 Bxc3 13. bxc3 Nxe4
14. Nxe5 Nxd2 15. Rxd2 Rf8 16. Nxd7 Bxd7 17. Re2+ Be6 18. f4 Kd7 19. Bb3 Rae8
20. Rd2+ Kc8 21. Bf2 b6 22. a4 f6 23. Rd6 Bd7 24. Kd2 Re4 25. g3 Rfe8 26. Bc4
Rxc4 0-1

[Event "9. Lichtenberger Sommer"]
[Site "Berlin"]
[Date "2010.08.07"]
[Round "1.102"]
[White "Lippianowski, Stefan"]
[Black "Oginski, Ulrich"]
[Result "0-1"]
[WhiteElo "913"]
[BlackElo "1826"]
[PlyCount "75"]
[EventDate "2010.??.??"]
[WhiteTeam "Treptower SV 1949 e.V."]
[BlackTeam "SC Weisse Dame e.V."]

1. e4 c6 2. Nc3 d5 3. d3 e5 4. Nf3 d4 5. Ne2 Bd6 6. Bd2 Ne7 7. c3 c5 8. Ng3
Nbc6 9. Qb3 O-O 10. Bg5 h6 11. Bxe7 Qxe7 12. Nd2 Be6 13. Nc4 Rab8 14. Qd1 b5
15. Nd2 g6 16. Be2 h5 17. Ngf1 dxc3 18. bxc3 Rfd8 19. Ne3 Qd7 20. Rg1 Bf8 21.
g4 hxg4 22. Bxg4 Bxg4 23. Nxg4 Bg7 24. Qf3 Qxd3 25. Rd1 Qxf3 26. Nxf3 Rxd1+ 27.
Kxd1 b4 28. h4 Kf8 29. h5 gxh5 30. Ne3 bxc3 31. Rg5 Nd4 32. Kc1 Nxf3 33. Rxh5
Nd4 34. Nf5 Nxf5 35. Rxf5 Rb4 36. f3 Rb2 37. a4 Bh6+ 38. Kd1 0-1

[Event "9. Lichtenberger Sommer"]
[Site "Berlin"]
[Date "2010.08.07"]
[Round "2.1"]
[White "Moritz, Aron"]
[Black "Braun, Arik"]
[Result "0-1"]
[WhiteElo "2027"]
[BlackElo "2527"]
[PlyCount "80"]
[EventDate "2010.??.??"]
[WhiteTeam "SV Empor Berlin e.V."]
[BlackTeam "SC Eppingen"]

1. e4 c6 2. d4 d5 3. exd5 cxd5 4. Bd3 Nc6 5. c3 Nf6 6. Bf4 Bg4 7. Qb3 Qc8 8.
Nd2 e6 9. Ngf3 Bh5 10. Ne5 Be7 11. Ndf3 Bg6 12. Nxg6 hxg6 13. h3 a6 14. a4 Nh5
15. Bh2 g5 16. Qc2 Nf4 17. Bxf4 gxf4 18. Qe2 Qc7 19. O-O g5 20. Ne5 Nxe5 21.
dxe5 Rh4 22. Rac1 a5 23. c4 d4 24. c5 Kf8 25. Rc4 Bxc5 26. Qc2 Rc8 27. Rc1 b6
28. Qe2 Ra8 29. Qe4 Qd8 30. Qf3 Ra7 31. Kh2 g4 32. Qxf4 gxh3 33. Qg3 hxg2+ 34.
Kxg2 Qd5+ 35. f3 Rh5 36. Re1 f5 37. Kf2 Rg7 38. Qf4 Qd8 39. Ke2 Rh4 40. Qc1 Qd5
0-1

[Event "9. Lichtenberger Sommer"]
[Site "Berlin"]
[Date "2010.08.07"]
[Round "2.2"]
[White "Stern, René"]
[Black "Albrecht, Rainer"]
[Result "1-0"]
[WhiteElo "2490"]
[BlackElo "2141"]
[PlyCount "49"]
[EventDate "2010.??.??"]
[WhiteTeam "SK König Tegel 1949 e.V."]
[BlackTeam "SC Kreuzberg e.V."]

1. d4 e6 2. c4 f5 3. g3 Nf6 4. Bg2 Be7 5. Nf3 O-O 6. O-O d6 7. Nc3 Ne4 8. Nxe4
fxe4 9. Nd2 d5 10. f3 Nc6 11. fxe4 Rxf1+ 12. Nxf1 dxc4 13. Be3 Qd7 14. e5 Rb8
15. d5 Nxe5 16. Qd4 Qd6 17. Bf4 Bf6 18. Qxa7 c6 19. dxc6 bxc6 20. Rd1 Qxd1 21.
Qxb8 Ng4 22. Qxc8+ Kf7 23. Bf3 Bd4+ 24. Kg2 Qe1 25. Qd7+ 1-0

[Event "9. Lichtenberger Sommer"]
[Site "Berlin"]
[Date "2010.08.07"]
[Round "2.3"]
[White "Sabrowski, Uwe"]
[Black "Rabiega, Robert"]
[Result "0-1"]
[WhiteElo "2080"]
[BlackElo "2508"]
[PlyCount "46"]
[EventDate "2010.??.??"]
[WhiteTeam "SC Friesen Lichtenberg e.V."]
[BlackTeam "SK König Tegel 1949 e.V."]

1. d4 d5 2. c4 Nc6 3. Nc3 dxc4 4. d5 Ne5 5. f4 Ng4 6. e4 e5 7. f5 h5 8. Nf3 Bc5
9. Bxc4 a6 10. b4 Ba7 11. Qe2 Bf2+ 12. Kf1 Bd4 13. Nxd4 exd4 14. Nd1 Qe7 15. a3
N8f6 16. Bg5 Qxe4 17. Bxf6 Nxf6 18. Nf2 Qxe2+ 19. Kxe2 Bxf5 20. Rad1 b5 21. Bb3
d3+ 22. Ke3 O-O-O 23. Nxd3 Ng4+ 0-1

[Event "9. Lichtenberger Sommer"]
[Site "Berlin"]
[Date "2010.08.07"]
[Round "2.4"]
[White "Richter, Michael"]
[Black "Kapr, Klaus"]
[Result "1-0"]
[WhiteElo "2428"]
[BlackElo "2046"]
[PlyCount "85"]
[EventDate "2010.??.??"]
[WhiteTeam "Schachpinguine Berlin e.V."]
[BlackTeam "SC Friesen Lichtenberg e.V."]

1. d4 d5 2. c4 Nc6 3. cxd5 Qxd5 4. e3 e5 5. Nc3 Bb4 6. Bd2 Bxc3 7. bxc3 Nf6 8.
c4 Qd6 9. d5 Ne7 10. Qb1 Nd7 11. Nf3 Nc5 12. Qb2 e4 13. Nd4 O-O 14. Nb5 Qd8 15.
Bb4 Na6 16. Bc3 f6 17. Rd1 Nf5 18. Be2 Qe7 19. O-O Rd8 20. Qa3 Qxa3 21. Nxa3
Bd7 22. Rb1 b6 23. Nc2 Nc5 24. Nd4 a5 25. Nxf5 Bxf5 26. Bd4 Na6 27. Rfc1 Rab8
28. g4 Bd7 29. Kg2 Nc5 30. Kg3 Nb7 31. h4 h6 32. Rb2 Kf8 33. Rcb1 Rbc8 34. Rh1
Be8 35. g5 fxg5 36. hxg5 Nd6 37. Bg4 hxg5 38. Rh8+ Kf7 39. Rh7 Nxc4 40. Rc2 b5
41. Rxg7+ Kf8 42. Be6 c5 43. Bf6 1-0

[Event "9. Lichtenberger Sommer"]
[Site "Berlin"]
[Date "2010.08.07"]
[Round "2.5"]
[White "Hünerfauth, Uwe"]
[Black "Kalinitschew, Sergey"]
[Result "0-1"]
[WhiteElo "2108"]
[BlackElo "2462"]
[PlyCount "74"]
[EventDate "2010.??.??"]
[WhiteTeam "SK Landau"]
[BlackTeam "SC Kreuzberg e.V."]

1. e4 c5 2. Nc3 Nc6 3. g3 g6 4. Bg2 Bg7 5. d3 d6 6. f4 Rb8 7. Be3 Bd7 8. Nf3 b5
9. Qd2 b4 10. Nd1 Nh6 11. h3 f5 12. O-O O-O 13. Kh2 a5 14. c3 a4 15. Rc1 bxc3
16. bxc3 Qa5 17. e5 dxe5 18. fxe5 Nf7 19. d4 Rfd8 20. Qf2 Qa6 21. Re1 cxd4 22.
cxd4 Nb4 23. Bf1 Bb5 24. Bxb5 Qxb5 25. Nc3 Qa6 26. Red1 a3 27. Nd2 Nd3 28. Qf1
Rb2 29. Kg1 Bxe5 30. Nf3 Bxg3 31. Qxd3 Qb7 32. d5 e5 33. Ng5 e4 34. Ncxe4 fxe4
35. Qxe4 Nxg5 36. Bxg5 Qb6+ 37. Be3 Bf2+ 0-1